WM Austragungsländer - Sudden Death - Statistiken

Allgemein
  • Dieses Quiz wurde 1.422 mal gespielt
    1.176 seit der letzten Aktualisierung
  • Das Durchschnittsergebnis liegt bei 12 aus 18
Answers on the Grid
Answers color-coded by a green-red scale on the quiz's grid according to % correct below.
(BR) Deutschland
Ägypten
Argentinien
Australien
Belgien
Brasilien
Chile
China
Dänemark
England
Finnland
Frankreich
Griechenland
Indien
Italien
Japan
Kamerun
Kanada
Kasachstan
Katar
Kolumbien
Kongo
Marokko
Mexiko
Namibia
Niederlande
Norwegen
Österreich
Paraguay
Polen
Portugal
Russland
Schweden
Schweiz
Spanien
Südafrika
Südkorea
Türkei
Uruguay
USA
 
Antwortstatistiken
Antwort % Korrekt
Brasilien
82%
(BR) Deutschland
82%
Frankreich
76%
Russland
76%
Südafrika
76%
USA
76%
England
74%
Katar
74%
Italien
71%
Spanien
67%
Südkorea
63%
Mexiko
62%
Uruguay
62%
Argentinien
60%
Japan
59%
Schweiz
44%
Schweden
40%
Chile
28%
Keine übereinstimmenden Quizze gefunden
Verteilung der Resultate
Anzahl Personen mit jedem Resultat
Perzentil nach korrekt beantworteten Fragen
Ihre Resultats-Entwicklung
Sie haben dieses Quiz seit der letzten Aktualisierung nicht gespielt